[Event "Santa Margalida Mallorca-ch"]
[Site "Santa Margalida"]
[Date "2016.12.02"]
[Round "7"]
[White "Tomas Arcos, Marc Gabriel"]
[Black "Feliu Picornell, Antoni"]
[Result "1-0"]
[WhiteElo "1681"]
[BlackElo "1505"]
[PlyCount "63"]
[EventDate "2016.11.11"]
[EventType "swiss"]
[EventRounds "8"]
[EventCountry "ESP"]
[SourceTitle "EXT 2018"]
[Source "ChessBase"]
[SourceDate "2017.10.13"]
[SourceVersion "1"]
[SourceVersionDate "2017.10.13"]
[SourceQuality "1"]

1. e4 c5 2. Nf3 e6 3. c3 d6 4. d4 cxd4 5. cxd4 b6 6. Nc3 Bb7 7. Bd3 Be7 8. 0-0 Nf6 9. e5 Nd5 10. Bb5+ Nd7 11. exd6 Bxd6 12. Ne5 Bxe5 13. Nxd5 Bxh2+ 14. Kxh2 Bxd5 15. Qg4 Kf8 16. Bf4 a6 17. Bxd7 Qxd7 18. Rac1 Bc6 19. Rc3 f6 20. Rfc1 Rc8 21. Qf3 Bxf3 22. Rxc8+ Ke7 23. R8c7 Bd5 24. Rxd7+ Kxd7 25. Rc7+ Kd8 26. Rxg7 h5 27. Ra7 h4 28. Rxa6 h3 29. gxh3 Rg8 30. Bg3 b5 31. Rb6 Rg6 32. Rxb5 1-0

[Event "Santa Margalida Mallorca-ch"]
[Site "Santa Margalida"]
[Date "2016.11.19"]
[Round "4"]
[White "Sureda Gonzalez, Miquel"]
[Black "Feliu Picornell, Antoni"]
[Result "1/2-1/2"]
[WhiteElo "1043"]
[BlackElo "1505"]
[PlyCount "88"]
[EventDate "2016.11.11"]
[EventType "swiss"]
[EventRounds "8"]
[EventCountry "ESP"]
[SourceTitle "EXT 2018"]
[Source "ChessBase"]
[SourceDate "2017.10.13"]
[SourceVersion "1"]
[SourceVersionDate "2017.10.13"]
[SourceQuality "1"]

1. d4 d5 2. c4 Nf6 3. Nc3 e6 4. Nf3 Bb4 5. Qc2 Bxc3+ 6. Qxc3 0-0 7. Bf4 b6 8. e3 Ne4 9. Qc2 c5 10. Rd1 Bb7 11. Ne5 Nd7 12. Nxd7 Qxd7 13. Bd3 f5 14. 0-0 Rf6 15. f3 Nd6 16. Be5 Rg6 17. Bxd6 Qxd6 18. e4 cxd4 19. exf5 Rh6 20. h3 exf5 21. Bxf5 Qg3 22. Qf2 Qf4 23. Bg4 dxc4 24. Rxd4 Qf7 25. Rd7 Qf8 26. Rxb7 Qb4 27. Qd4 Rf6 28. Rd1 h6 29. Rc7 Qf8 30. Qxc4+ Kh8 31. Rdd7 Re8 32. Rxa7 Rf4 33. Qc3 Rf6 34. Qc7 Rc8 35. Qe5 Rg6 36. Rxg7 Rc1+ 37. Kf2 Rxg7 38. Qxg7+ Qxg7 39. Rxg7 Kxg7 40. g3 Rc2+ 41. Ke3 Rxb2 42. Be6 Rb4 43. f4 Kf6 44. Bb3 h5 1/2-1/2

[Event "Santa Margalida Mallorca-ch"]
[Site "Santa Margalida"]
[Date "2016.11.11"]
[Round "1"]
[White "Vallespir Salor, Gabriel"]
[Black "Feliu Picornell, Antoni"]
[Result "1-0"]
[WhiteElo "2024"]
[BlackElo "1505"]
[PlyCount "51"]
[EventDate "2016.11.11"]
[EventType "swiss"]
[EventRounds "8"]
[EventCountry "ESP"]
[SourceTitle "EXT 2018"]
[Source "ChessBase"]
[SourceDate "2017.10.13"]
[SourceVersion "1"]
[SourceVersionDate "2017.10.13"]
[SourceQuality "1"]

1. c4 c5 2. Nc3 e6 3. e4 d6 4. Nf3 Be7 5. d4 cxd4 6. Nxd4 Nd7 7. Be3 a6 8. Be2 Ngf6 9. 0-0 0-0 10. Rc1 Qc7 11. f4 b6 12. Qe1 Bb7 13. Bf3 Nc5 14. e5 dxe5 15. fxe5 Nd3 16. Qg3 Bxf3 17. exf6 Qxg3 18. hxg3 Bxf6 19. gxf3 Nxb2 20. c5 b5 21. Ne4 Bxd4 22. Bxd4 Nc4 23. Nd6 e5 24. Nxc4 exd4 25. Nb6 Ra7 26. c6 1-0